Casey Kasem Filmography - Statistics

General Stats
  • This quiz has been taken 7 times
  • The average score is 10 of 175
Answer Stats
Type Year Name % Correct
TV Show 1969-1970 Scooby-Doo, Where Are You?
80%
Film 2009 Scooby-Doo and the Samurai Sword
60%
Film 2005 Aloha, Scooby-Doo!
40%
TV Show 1988-1991 A Pup Named Scooby-Doo
40%
TV Film 1988 Scooby-Doo and the Ghoul School
40%
Film 2004 Scooby-Doo and the Loch Ness Monster
40%
Film 2003 Scooby-Doo and the Monster of Mexico
40%
Film 2005 Scooby-Doo in Where's My Mummy?
40%
Film 1987 Scooby-Doo Meets the Boo Brothers
40%
TV Show 2010-2011, 2013 Scooby-Doo! Mystery Incorporated
40%
Film 2006 Scooby-Doo! Pirates Ahoy!
40%
TV Show 1978 The Scooby-Doo Show
40%
TV Show 2002-2006 What's New, Scooby-Doo?
40%
Film 2007 Chill Out, Scooby-Doo!
20%
TV Show 1982 General Hospital
20%
Film 1984 Ghostbusters
20%
TV Show 1970-1971 Josie and the Pussycats
20%
TV Show 1989, 1991 Saved by the Bell
20%
TV Show 1979-1983 Scooby-Doo and Scrappy-Doo
20%
Film 2008 Scooby-Doo and the Goblin King
20%
Film 2003 Scooby-Doo and the Legend of the Vampire
20%
TV Film 1988 Scooby-Doo and the Reluctant Werewolf
20%
TV Film 1994 Scooby-Doo in Arabian Nights
20%
Video Game 1995 Scooby-Doo Mystery
20%
TV Show 1977-1978 Scooby's Laff-A Lympics
20%
TV Show 1985, 1986 Scooby's Mystery Funhouse
20%
TV Show 1985 The 13 Ghosts of Scooby-Doo
20%
TV Show 1983 The New Scooby and Scrappy-Doo Show
20%
TV Show 1972-1973 The New Scooby-Doo Movies
20%
TV Show 1984 The New Scooby-Doo Mysteries
20%
TV Show 1980-1981 The Ri¢hie Ri¢h/Scooby-Doo Show
20%
TV Show 1982 The Scooby and Scrappy-Doo Puppy Hour
20%
TV Show 1984-1986 The Transformers
20%
Film 1986 The Transformers: The Movie
20%
TV Show 1999 100%
0%
Film 1969 2000 Years Later
0%
TV Show 1993 2 Stupid Dogs
0%
TV Show 1990 ALF
0%
TV Show 1991 Amen
0%
TV Show 1964 American Bandstand
0%
Radio Show 1970-1988, 1998-2004 American Top 40
0%
TV Show 1980-1989 America's Top 10
0%
Short Film 2005 An Evening with the Scooby-Doo Gang
0%
TV Short 2002 A Scooby-Doo! Christmas
0%
Film 2021 A Scooby-Doo Valentine Bouquet
0%
TV Special 1989 A Yabba-Dabba-Doo Celebration!: 50 Years of Hanna-Barbera
0%
TV Show 1978-1980 Battle of the Planets
0%
TV Show 1991 Beverly Hills, 90210
0%
TV Show 2003 Blue's Clues
0%
Short Documentary 1990 Bridging the Gap
0%
TV Show 1977-1980 Captain Caveman and the Teen Angels
0%
TV Show 1994 Captain Planet and the Planeteers
0%
Radio Show 1992-1998 Casey's Countdown
0%
Radio Show 1994-1998 Casey's Hot 20
0%
Radio Show 1989-1998 Casey's Top 40
0%
TV Show 1969 Cattanooga Cats
0%
TV Show 1978 Challenge of the Superfriends
0%
TV Show 1978 Charlie's Angels
0%
TV Film 1994 Cosmic Slop
0%
TV Show 1995 Cybill
0%
Film 2010 Despicable Me
0%
Film 2013 Despicable Me 2
0%
Short Documentary 1984 Destination: Careers
0%
Film 1972 Doomsday Machine
0%
TV Show 1976 Dynomutt Dog Wonder
0%
Documentary 1986 Elvis: The Echo Will Never Die
0%
TV Show 1974 Emergency +4
0%
TV Show 1984 Fantasy Island
0%
Film 1967 First to Flight
0%
TV Short 1976 Freedom Is
0%
TV Show 1968 Garrison's Gorillas
0%
TV Show 1985 George Burns Comedy Week
0%
TV Show 1974 Hawaii Five-O
0%
TV Film 1971 Here Comes Peter Cottontail
0%
TV Show 2000 Histeria!
0%
TV Show 2003 Hollywood Squares
0%
TV Show 1996 Homeboys in Outer Space
0%
TV Show 1974 Hong Kong Phooey
0%
TV Show 1969 Hot Wheels
0%
Short Film 2005 Hula Hullabaloola
0%
Commercial 1997 Intel MMX
0%
TV Show 1974 Ironside
0%
TV Show 1969 It's Happening
0%
TV Show 1976 Jabberjaw
0%
Film 1997 James Dean: Race with Destiny
0%
TV Show 1978 Jana of the Jungle
0%
TV Show 1997 Johnny Bravo
0%
TV Show 1972 Josie and the Pussy Cats in Outer Space
0%
Film 1978 Jukebox
0%
Commercial 1973 Ken-L Ration Dog Burger
0%
Film 2003 Looney Tunes: Back in Action
0%
TV Show 1983 Matt Houston
0%
TV Film 1997 Merry Christmas, George Bailey
0%
Film 1996 Mr. Wrong
0%
TV Show 1989 My Two Dads
0%
Film 1977 New York, New York
0%
Music Video 2009 Peter Kay's Animated All Star Band: The Official BBC Children in Need Medley
0%
TV Show 1979-1980 Plastic Man
0%
TV Show 1977 Police Story
0%
Film 2010 Quantum Quest: A Cassini Space Odyssey
0%
TV Show 1977 Quincy M.E.
0%
Commercial 1978 Red Lobster
0%
TV Show 1982 Ri¢hie Ri¢h
0%
Short Film 2004 Rock 'N' Roll Goldmine: The British Invasion
0%
Film 2000 Rugrats in Paris
0%
Film 2012 Scooby-Doo: 13 Spooky Tales - Holiday Chills and Thrills
0%
Film 2012 Scooby-Doo! and the Safari Creatures
0%
Film 2014 Scooby-Doo! Frankencreepy
0%
Film 2012 Scooby-Doo! Laff-A-Lympics: Spooky Games
0%
Film 1972 Scooby-Doo Meets Batman
0%
Film 2001 Scooby-Doo's Spookiest Tales
0%
Film 2011 Scooby-Doo & the Robots
0%
TV Film 2002 Scooby-Doo! Winter Wonderdog
0%
TV Film 1979 Scooby Goes Hollywood
0%
Film 1969 Scream Free!
0%
TV Show 1970-1993 Sesame Street
0%
TV Show 2006-2008 Shaggy & Scooby-Doo Get a Clue!
0%
Music Video 1994 She Drives Me Crazy
0%
TV Show 1996 Sister, Sister
0%
TV Show 1969 Skyhawks
0%
Commercial 1973 Soft & Dri
0%
Film 1973 Soul Hustler
0%
TV Show 1981 Space Stars
0%
TV Show 1984 Star Search
0%
Commercial 2004 St. Joseph's Children's Aspirin
0%
Music Video 1986 Stop the Madness
0%
TV Show 1973-1983 Super Friends
0%
TV Show 1984 SuperFriends: The Legendary Super Powers Show
0%
TV Show 2007 Super Why!
0%
TV Show 1977 Switch
0%
TV Show 2003 Teamo Supremo
0%
Commercial 1997 Teledyne Waterpik Flexible Shower Massage
0%
TV Show 1977 The All-New Super Friends Hour
0%
TV Show 1968-1969 The Batman/Superman Hour
0%
TV Short 1973 The Bear Who Slept Through Christmas
0%
TV Show 1992, 1993 The Ben Stiller Show
0%
TV Short 1974 The City That Forgot About Christmas
0%
Film 1969 The Cycle Savages
0%
Film 1979 The Dark
0%
TV Show 1967 The Dating Game
0%
TV Show 1974 The Dean Martin Show
0%
TV Show 1964 The Famous Adventures of Mr. Magoo
0%
TV Film 1979 The Flintstones Meet Rockula and Frankenstone
0%
TV Show 1971-1972 The Funky Phantom
0%
Theme Park Attraction 1990 The Funtastic World of Hanna-Barbera
0%
TV Special 1981 The Funtastic World of Hanna-Barbera Arena Show
0%
TV Show 1982 The Gary Coleman Show
0%
Film 1970 The Girls from Thunder Strip
0%
Film 1967 The Glory Stompers
0%
Film 1976 The Gumball Rally
0%
TV Show 1977 The Hardy Boys/Nancy Drew Mysteries
0%
Film 1971 The Incredible 2-Headed Transplant
0%
TV Show 1961 The Joey Bishop Show
0%
TV Show 1977 The Kroft Supershow
0%
TV Film 1975 The Last of the Mohicans
0%
TV Show 1994 The Martin Short Show
0%
TV Show 1987 The New Hollywood Squares
0%
TV Show 1985 The New Mike Hammer
0%
TV Film 1975 The Night That Panicked America
0%
TV Show 1989 The People Next Door
0%
TV Film 1980 The Return of the King
0%
TV Show 1976-1978 The Scooby-Doo/Dynomutt Hour
0%
TV Show 1985 The Super Powers Team: Galactic Guardians
0%
Film 2006 The Wild
0%
TV Show 1979 The World's Greatest SuperFriends
0%
TV Show 1991 Tiny Toon Adventures
0%
Short Documentary 1979 Two Breaths to...
0%
Film 1999 Undercover Angel
0%
Documentary Series 1996 Unsolved Mysteries
0%
TV Show 1973 Wait Till Your Father Gets Home
0%
Film 2008 WALL·E
0%
TV Show 1977 What's New, Mr. Magoo?
0%
Film 1969 Wild Wheels
0%
TV Show 1977 Wonderbug
0%
TV Show 1978 Yogi's Space Race
0%
No matching quizzes found
Score Distribution
Percent of People with Each Score
Percentile by Number Answered
Your Score History
You have not taken this quiz